000 00599nam a2200181Ia 4500
008 100920s9999 xx 000 0 und d
082 _b82190
_a891.464 न 02
100 _aगोडबोले मंगला.
245 _aकुंपण आणि आकाश.
260 _bनवचैतन्य प्रकाशन, मुंबई.
_c2002
300 _a152
_bसाधी
365 _b115
520 _aनिबंध.
630 _aकुंपण आणि आकाश.
650 _aनिबंध.
730 _aकुंपण आणि आकाश.
942 _cBOOK
999 _c722913
_d722910